000 00374nam a2200145Ia 4500
008 150201s1983 xx 000 0 und d
082 _a615.321
_bA1983M
100 _aHOMBURGER,FREDDY
245 2 _aA GUIDE TO GENERAL TOXICOLOGY
250 _a1ST
260 _bKARGER PUBLISHING
_aBASEL( SWIT ZERLAND)
_c1983
300 _a1-410
650 _aPHARMACOLOGY
942 _2ddc
_cBK
999 _c3147
_d3147